LEADER 01193nam a2200253 i 4500 001 000000205806 003 CaOOAMICUS 005 20110903000000.0 008 110903s1918 it u000 u fre u 013 $a184544 040 $aSeMil$bita 100 1 $aGriselle, Eugène.$0(OLS)http://semarc/name/23121 245 10$aSyriens et Chaldéens :$bleur martyre, leurs espérances /$cpar l'Abbé Eugène Griselle. 260 $a[S.l.] :$bBloud et Gay,$c1918. 300 $a108 p. ;$c19 cm. 490 0 $aPages actuelles ;$vN.115.-116 500 $aIn mezzo al front : Publications du Comité Catholique de Propagande française a l'Étranger. - In copertina : 1914-1918. 650 4$aPersecuzioni religiose.$0(OLS)http://semarc/subject/9086 650 4$aGuerra mondiale <1914-1918> - Francia.$0(OLS)http://semarc/subject/38087 830 0$aPages actuelles ;$vN.115.-116.$0(OLS)http://semarc/title/34224 850 $aSeMil 852 $aSeMil$W1$xVenegono$y1$m3U I 79$j156300$B156300$CSeMilBibl$Z2$F167657 $81 996 $6245$aSyriens et Chaldéens :$bleur martyre, leurs espérances$9(OLS)http://semarc/title/297792 996 $6260$a[S.l.] :$bBloud et Gay$9(OLS)http://semarc/publisher/50170 LEADER 01248nam a2200253 i 4500 001 000000125942 003 CaOOAMICUS 005 20040430000000.0 008 040430s2004 it u000 u ita u 013 $a98643 040 $aSeMil$bita 100 1 $aCumerlato, Guido.$0(OLS)http://semarc/name/52307 245 10$aEcce Ancilla Domini :$bla mediazione materna come Diakonia della Madre di Gesù /$cGuido Cumerlato. 260 $aNapoli :$b[s.n.],$c2004$e(Napoli :$fX-Press,$g2004) 300 $a138 p. ;$c23 cm. 490 0 $aTesi di dottorato in teologia. Estratti ;$v18 500 $aIn testa al front. : Pontificia Facoltà Teologica dell'Italia Meridionale, sez. S. Tommaso d'Aquino, Napoli. - Contiene : Bibliografia. 650 4$aMadonna - Mediazione materna.$0(OLS)http://semarc/subject/24520 830 0$aTesi di dottorato in teologia. Estratti ;$v18.$0(OLS)http://semarc/title/520 850 $aSeMil 852 $aSeMil$W1$xVenegono$y1$m2I I 627$j80339$B80339$CSeMilBibl$Z2$F82851 $81 961 $aOmaggio: Fumagalli don Aristide 996 $6245$aEcce Ancilla Domini :$bla mediazione materna come Diakonia della Madre di Gesù$9(OLS)http://semarc/title/185527 996 $6260$aNapoli :$b[s.n.]$9(OLS)http://semarc/publisher/30462